000 00529nam a2200193Ia 4500
005 20250326140534.0
008 250326s9999 xx 000 0 und d
020 _a0-521-62423-1
037 _aTextbook
040 _aFMSL
_beng
_cFMSL
041 _aeng
_2eng
084 _aX:71 N9
_qFMSL
100 _aFisher F M
245 0 _aMicroeconomics: Essays in theory and applications
_cFisher F M
260 _aU.K
_bU.K, Cambridge Press
_c1999
300 _a572p
942 _cTB
_hX:71 N9
999 _c1286217
_d1286217